|
|
|
|
| LEADER |
00000ny a22000003n 4500 |
| 005 |
20110519131141.0 |
| 008 |
990322m19899999us 0 0 eng |
| 035 |
|
|
|a 22
|
| 040 |
|
|
|a SpMaUCDE
|d vLex
|
| 080 |
|
|
|a 34(73)(094.4)
|
| 090 |
|
|
|c 49
|d 49
|
| 110 |
1 |
|
|a Estados Unidos
|
| 245 |
1 |
0 |
|a US Code
|h [Recurso electrn̤ico]
|
| 246 |
3 |
|
|a United States Code annotated :
|b comprising all laws of a general and permanent nature under arrangement of official code of the laws of the United States with annotations from Federal and State courts
|
| 256 |
|
|
|a Servicio en ln̕ea
|
| 260 |
|
|
|a St. Paul, Minn. :
|b West Publishing Co.,
|c 1989-
|
| 505 |
0 |
|
|a Title 1: General Provisions. -- Title 2: The Congress.-- Title 3: The President. -- Title 4: Flag and Seal, Seat Of Government,and the States. -- Title 5: Government Organization and Employees. -- Title 6: Domestic Security. -- Title 7: Agriculture. -- Title 8: Aliens and Nationality. -- Title 9: Arbitration. -- Title 10: Armed Forces. -- Title 11: Bankruptcy. -- Title 12: Banks and Banking. -- Title 13: Census. -- Title 14: Coast Guard. -- Title 15: Commerce and Trade. -- Title 16: Conservation. -- Title 17: Copyrights. -- Title 18: Crimes and Criminal Procedure. -- Title 19: Customs Duties. -- Title 20: Education. -- Title 21: Food and Drugs. -- Title 22: Foreign Relations and Intercourse. -- Title 23: Highways. -- Title 24: Hospitals and Asylums. -- Title 25: Indians. -- Title 26: Internal Revenue Code. -- Title 27: Intoxicating Liquors. -- Title 28: Judiciary and Judicial Procedure. -- Title 29: Labor. -- Title 30: Mineral Lands and Mining. -- Title 31: Money and Finance. -- Title 32: National Guard. -- Title 33: Navigation and Navigable Waters. -- Title 35: Patents. -- Title 36: Patriotic Societies and Observances. -- Title 37: Pay and Allowances Of the Uniformed Services. -- Title 38: Veterans' Benefits. -- Title 39: Postal Service. -- Title 40: Public Buildings, Property, and Works. -- Title 41: Public Contracts. -- Title 42: The Public Health and Welfare. -- Title 43: Public Lands. -- Title 44: Public Printing and Documents. -- Title 45: Railroads. -- Title 46: Shipping. -- Title 47: Telegraphs, Telephones, and Radiotelegraphs. -- Title 48: Territories and Insular Possessions. -- Title 49: Transportation. -- Title 50: War and National Defense. -
|
| 650 |
0 |
4 |
|a Derecho
|z Estados Unidos
|x Legislacin̤
|x Cd̤igos
|
| 710 |
1 |
|
|a Estados Unidos.
|t Leyes, etc.
|
| 740 |
0 |
|
|a vLex Libros (Servicios en ln̕ea)
|
| 856 |
4 |
0 |
|z Acceso restringido
|u http://vlex.com/libraries/us-code-22
|
| 942 |
|
|
|c BOOK
|
| 999 |
0 |
|
|a Law
|z United States
|